Οι πιο ευτυχισμένες χώρες στον κόσμο - Statistics

General Stats
  • This quiz has been taken 361 times
  • The average score is 13 of 20
Answer Stats
# Χώρα % Correct
6 Σουηδία
90%
8 Νορβηγία
87%
1 Φινλανδία
86%
7 Γερμανία
86%
20 Γαλλία
84%
14 Ηνωμένες Πολιτείες
80%
4 Ελβετία
79%
3 Δανία
78%
15 Καναδάς
78%
12 Αυστραλία
77%
5 Κάτω Χώρες
74%
18 Ηνωμένο Βασίλειο
74%
17 Βέλγιο
69%
2 Ισλανδία
68%
10 Αυστρία
64%
13 Ιρλανδία
63%
9 Νέα Ζηλανδία
51%
16 Τσεχία
40%
11 Ισραήλ
14%
19 Ταϊβάν
8%
No matching quizzes found
Score Distribution
Percent of People with Each Score
Percentile by Number Answered
Your Score History
You have not taken this quiz